000 00590nam a2200229Ia 4500
003 OSt
005 20221005115904.0
006 a|||||r|||| 00| 0
007 ta
008 221004b |||||||| |||| 00| 0 eng d
024 _a33423
037 _cTextual
040 _aCRL
_cCRL
_beng
041 _2eng
_aeng
082 _aO:1K08a, H8
100 _aBradshaw John
_9417520
245 0 _aConcordance to the poetical works of John Milton
260 _c1948
650 _aENGLISH LITERATURE
942 _hO:1K08a, H8
_cTEXL
_2cc
999 _c1036234
_d1036234